书目信息 |
| 题名: |
中原崛起之路
|
|
| 作者: | 张大卫, 主编 | |
| 分册: | ||
| 出版信息: | 郑州 河南人民出版社 2006.01 |
|
| 页数: | 628页 | |
| 开本: | 23cm | |
| 丛书名: | ||
| 单 册: | ||
| 中图分类: | F127.61 | |
| 科图分类: | ||
| 主题词: | 地区经济--经济发展--研究--河南省 , 社会发展--研究--河南省 | |
| 电子资源: | ||
| ISBN: | 7-215-05898-0 | |
| 000 | 00912nam0 2200241 450 | |
| 001 | 003089037 | |
| 005 | 20100814110758.89 | |
| 010 | @a7-215-05898-0@dCNY80.00 | |
| 100 | @a20100515d2006 em y0chiy50 ea | |
| 101 | 0 | @achi |
| 102 | @aCN@b410000 | |
| 105 | @ay z 000yy | |
| 200 | 1 | @a中原崛起之路@Azhong yuan jue qi zhi lu@e河南省“十一五”经济社会发展重大问题研究@f张大卫主编 |
| 210 | @a郑州@c河南人民出版社@d2006.01 | |
| 215 | @a628页@d23cm | |
| 330 | @a本书包括:领导讲话篇、总体思路篇、宏观经济篇、工业化篇、区域布局篇、战略支撑篇、改革开放篇等内容。 | |
| 517 | 1 | @a河南省“十一五”经济社会发展重大问题研究@Ahe nan sheng “ shi yi wu ” jing ji she hui fa zhan zhong da wen ti yan jiu |
| 606 | 0 | @a地区经济@x经济发展@x研究@y河南省 |
| 606 | 0 | @a社会发展@x研究@y河南省 |
| 690 | @aF127.61@v4 | |
| 701 | 0 | @a张大卫,@Azhang da wei@f(1952- )@4主编 |
| 801 | 0 | @aCN@c20100515 |
| 905 | @dF127.61@eZ090@f3 | |
| 中原崛起之路:河南省“十一五”经济社会发展重大问题研究/张大卫主编.-郑州:河南人民出版社,2006.01 |
| 628页;23cm |
| ISBN 7-215-05898-0:CNY80.00 |
| 本书包括:领导讲话篇、总体思路篇、宏观经济篇、工业化篇、区域布局篇、战略支撑篇、改革开放篇等内容。 |
| ● |
| 相关链接 |
|
|
|
正题名:中原崛起之路
索取号:F127.61/Z090
 
预约/预借
| 序号 | 登录号 | 条形码 | 馆藏地/架位号 | 状态 | 备注 |
| 1 | 1029324 | 210293243 | 社科库409/409社科库 71排1列1层/ [索取号:F127.61/Z090] | 在馆 | |
| 2 | 1029325 | 210293252 | 社科库409/409社科库 71排1列1层/ [索取号:F127.61/Z090] | 在馆 | |
| 3 | 1029326 | 210293261 | 社科库409/409社科库 71排1列1层/ [索取号:F127.61/Z090] | 在馆 |